| 000 | 01424nam a2200337 a 4500 | ||
|---|---|---|---|
| 001 | ebr10413327 | ||
| 003 | CaPaEBR | ||
| 006 | m u | ||
| 007 | cr cn||||||||| | ||
| 008 | 101018s2010 enkad sb 001 0 eng d | ||
| 020 | _z9780335241194 | ||
| 020 | _z0335241190 | ||
| 020 | _z9780335241217 (e-book) | ||
| 040 |
_aCaPaEBR _cCaPaEBR |
||
| 035 | _a(OCoLC)680623948 | ||
| 050 | 1 | 4 |
_aRT86.45 _b.N87 2010eb |
| 245 | 0 | 4 |
_aThe nurse mentor and reviewer update book _h[electronic resource] / _cedited by Cyril Murray, Lyn Rosen and Karen Staniland. |
| 260 |
_aBerkshire, England : _bOpen University Press, _c2010. |
||
| 300 |
_axii, 153 p. : _bill. |
||
| 504 | _aIncludes bibliographical references and index. | ||
| 505 | 0 | _apt. 1. Mentorship, competence and placement provider responsibilities -- pt. 2. Mentorship updating through case studies -- pt. 3. Updating and sources of evidence. | |
| 533 |
_aElectronic reproduction. _bPalo Alto, Calif. : _cebrary, _d2010. _nAvailable via World Wide Web. _nAccess may be limited to ebrary affiliated libraries. |
||
| 650 | 0 | _aMentoring in nursing. | |
| 650 | 0 | _aNursing. | |
| 655 | 7 |
_aElectronic books. _2local |
|
| 700 | 1 | _aMurray, Cyril. | |
| 700 | 1 | _aRosen, Lyn. | |
| 700 | 1 | _aStaniland, Karen. | |
| 710 | 2 | _aebrary, Inc. | |
| 856 | 4 | 0 |
_uhttp://site.ebrary.com/lib/rucke/Doc?id=10413327 _zAn electronic book accessible through the World Wide Web; click to view |
| 999 |
_c87666 _d87666 |
||